[Event "Deutsche Ländermeisterschaft 2023"]
[Site "Hannover GER"]
[Date "2023.10.03"]
[Round "4"]
[White "Köpnick, Amanda"]
[Black "Dodul, Arthur"]
[Result "0-1"]
[Termination "normal"]
[Board "7.5"]
[WhiteElo "1333"]
[BlackElo "1604"]
[WhiteClock "00:10:08"]
[BlackClock "00:31:29"]
[WhiteTeam "Mecklenburg-Vorpommern"]
[BlackTeam "Brandenburg"]
[PlyCount "96"]
[WhiteFideId "34618538"]
[BlackFideId "34609016"]
[EventCountry "GER"]
[EventRounds "7"]
[EventType "team-swiss"]
[EventDate "2023.09.30"]

1. e4 {[%clk 01:30:57]} {[%emt 00:00:02]} e5 {[%clk 01:30:42]} {[%emt
00:00:18]} 2. Nf3 {[%clk 01:31:23]} {[%emt 00:00:06]} Nc6 {[%clk 01:30:50]}
{[%emt 00:00:21]} 3. Bc4 {[%clk 01:31:42]} {[%emt 00:00:12]} Bc5 {[%clk
01:31:09]} {[%emt 00:00:10]} 4. c3 {[%clk 01:32:08]} {[%emt 00:00:05]} Nf6
{[%clk 01:31:24]} {[%emt 00:00:13]} 5. d3 {[%clk 01:32:19]} {[%emt 00:00:20]}
a6 {[%clk 01:31:27]} {[%emt 00:00:26]} 6. Bb3 {[%clk 01:30:20]} {[%emt
00:02:30]} d6 {[%clk 01:31:48]} {[%emt 00:00:09]} 7. O-O {[%clk 01:30:28]}
{[%emt 00:00:23]} h6 {[%clk 01:30:56]} {[%emt 00:01:22]} 8. Nbd2 {[%clk
01:29:03]} {[%emt 00:01:54]} O-O {[%clk 01:30:58]} {[%emt 00:00:28]} 9. Re1
{[%clk 01:28:59]} {[%emt 00:00:35]} Ng4 {[%clk 01:30:59]} {[%emt 00:00:29]} 10.
Re2 {[%clk 01:27:02]} {[%emt 00:02:28]} Kh8 {[%clk 01:31:09]} {[%emt 00:00:19]}
11. Nf1 {[%clk 01:26:11]} {[%emt 00:01:20]} f5 {[%clk 01:30:22]} {[%emt
00:01:17]} 12. exf5 {[%clk 01:21:24]} {[%emt 00:05:17]} Bxf5 {[%clk 01:30:15]}
{[%emt 00:00:38]} 13. Ng3 {[%clk 01:21:06]} {[%emt 00:00:47]} Bg6 {[%clk
01:25:09]} {[%emt 00:05:31]} 14. d4 {[%clk 01:18:02]} {[%emt 00:03:39]} exd4
{[%clk 01:22:21]} {[%emt 00:03:18]} 15. cxd4 {[%clk 01:13:33]} {[%emt
00:04:58]} Bb6 {[%clk 01:19:29]} {[%emt 00:03:21]} 16. h3 {[%clk 01:00:36]}
{[%emt 00:13:28]} Nf6 {[%clk 01:19:44]} {[%emt 00:00:14]} 17. Be3 {[%clk
00:59:50]} {[%emt 00:01:16]} Nh5 {[%clk 01:16:19]} {[%emt 00:03:54]} 18. Kh2
{[%clk 00:56:23]} {[%emt 00:03:58]} Nxg3 {[%clk 01:16:00]} {[%emt 00:00:49]}
19. fxg3 {[%clk 00:56:34]} {[%emt 00:00:18]} d5 {[%clk 01:16:07]} {[%emt
00:00:23]} 20. Qd2 {[%emt 00:09:11]} Na5 {[%clk 01:06:15]} {[%emt 00:02:20]}
21. Ne5 {[%clk 00:54:28]} {[%emt 00:01:58]} Rf6 {[%clk 01:01:04]} {[%emt
00:05:33]} 22. Nxg6+ {[%clk 00:53:00]} {[%emt 00:02:06]} Rxg6 {[%clk 01:00:36]}
{[%emt 00:00:58]} 23. Bc2 {[%clk 00:53:19]} {[%emt 00:00:11]} Rf6 {[%clk
00:58:45]} {[%emt 00:02:20]} 24. Qd3 {[%clk 00:51:43]} {[%emt 00:02:07]} Qg8
{[%clk 00:56:16]} {[%emt 00:02:58]} 25. b3 {[%clk 00:47:05]} {[%emt 00:05:09]}
Nc6 {[%clk 00:55:23]} {[%emt 00:01:22]} 26. a3 {[%clk 00:46:29]} {[%emt
00:01:06]} Re8 {[%clk 00:45:47]} {[%emt 00:10:04]} 27. Rae1 {[%clk 00:44:37]}
{[%emt 00:02:24]} Rfe6 {[%clk 00:45:03]} {[%emt 00:01:14]} 28. Rf1 {[%clk
00:37:18]} {[%emt 00:07:50]} Nxd4 {[%clk 00:40:04]} {[%emt 00:05:28]} 29. Bxd4
{[%clk 00:29:27]} {[%emt 00:08:21]} Rxe2 {[%clk 00:39:46]} {[%emt 00:00:48]}
30. Bxb6 {[%clk 00:27:26]} {[%emt 00:02:31]} cxb6 {[%clk 00:40:04]} {[%emt
00:00:12]} 31. Qg6 {[%clk 00:24:16]} {[%emt 00:03:41]} R2e6 {[%clk 00:36:56]}
{[%emt 00:03:37]} 32. Qd3 {[%clk 00:23:43]} {[%emt 00:01:03]} Rf6 {[%clk
00:36:11]} {[%emt 00:01:11]} 33. Rxf6 {[%clk 00:21:55]} {[%emt 00:02:22]} gxf6
{[%clk 00:36:23]} {[%emt 00:00:17]} 34. Qd2 {[%clk 00:20:41]} {[%emt 00:01:45]}
Qg5 {[%clk 00:35:16]} {[%emt 00:01:32]} 35. Qd3 {[%clk 00:19:25]} {[%emt
00:01:52]} Re7 {[%clk 00:35:12]} {[%emt 00:00:29]} 36. h4 {[%clk 00:19:01]}
{[%emt 00:00:58]} Qe5 {[%clk 00:31:26]} {[%emt 00:04:10]} 37. Qg6 {[%clk
00:18:01]} {[%emt 00:01:36]} Rg7 {[%clk 00:31:38]} {[%emt 00:00:16]} 38. Qd3
{[%clk 00:13:16]} {[%emt 00:05:17]} d4 {[%clk 00:31:31]} {[%emt 00:00:35]} 39.
Qf3 {[%clk 00:09:59]} {[%emt 00:03:49]} Qe3 {[%clk 00:31:26]} {[%emt 00:00:34]}
40. Kh3 {[%clk 00:09:33]} {[%emt 00:00:57]} Qxf3 {[%clk 00:30:58]} {[%emt
00:00:57]} 41. gxf3 {[%clk 00:09:51]} {[%emt 00:00:12]} Rc7 {[%clk 00:31:18]}
{[%emt 00:00:07]} 42. Bd1 {[%clk 00:09:06]} {[%emt 00:01:19]} Rc1 {[%clk
00:30:36]} {[%emt 00:01:11]} 43. Be2 {[%clk 00:09:25]} {[%emt 00:00:11]} Rc3
{[%clk 00:29:56]} {[%emt 00:01:10]} 44. Bd1 {[%clk 00:09:10]} {[%emt 00:00:46]}
d3 {[%clk 00:30:01]} {[%emt 00:00:25]} 45. f4 {[%clk 00:09:22]} {[%emt
00:00:18]} d2 {[%clk 00:30:23]} {[%emt 00:00:07]} 46. Kg4 {[%clk 00:09:20]}
{[%emt 00:00:33]} Rc1 {[%clk 00:30:41]} {[%emt 00:00:12]} 47. Bf3 {[%clk
00:09:48]} {[%emt 00:00:02]} d1=Q {[%clk 00:31:01]} {[%emt 00:00:10]} 48. Bxd1
{[%clk 00:10:08]} {[%emt 00:00:10]} Rxd1 {[%clk 00:31:29]} {[%emt 00:00:02]}
0-1

[Event "Deutsche Ländermeisterschaft 2023"]
[Site "Hannover GER"]
[Date "2023.10.03"]
[Round "4"]
[White "Dodul, Alice"]
[Black "Chandrasekher, Ritu"]
[Result "0-1"]
[Termination "normal"]
[Board "7.6"]
[WhiteElo "1414"]
[BlackElo "1344"]
[WhiteClock "00:01:01"]
[BlackClock "00:26:33"]
[WhiteTeam "Brandenburg"]
[BlackTeam "Mecklenburg-Vorpommern"]
[PlyCount "70"]
[WhiteFideId "34623817"]
[BlackFideId "34609024"]
[EventCountry "GER"]
[EventRounds "7"]
[EventType "team-swiss"]
[EventDate "2023.09.30"]

1. e4 {[%clk 01:30:58]} {[%emt 00:00:01]} c6 {[%clk 01:30:46]} {[%emt
00:00:14]} 2. Nf3 {[%clk 01:31:14]} {[%emt 00:00:13]} d5 {[%clk 01:31:02]}
{[%emt 00:00:14]} 3. exd5 {[%clk 01:31:32]} {[%emt 00:00:13]} cxd5 {[%clk
01:31:16]} {[%emt 00:00:16]} 4. Ne5 {[%clk 01:31:37]} {[%emt 00:00:25]} Nf6
{[%clk 01:30:24]} {[%emt 00:01:22]} 5. d4 {[%clk 01:31:38]} {[%emt 00:00:28]}
Nc6 {[%clk 01:29:01]} {[%emt 00:01:53]} 6. Bb5 {[%clk 01:30:51]} {[%emt
00:01:16]} Qb6 {[%clk 01:27:56]} {[%emt 00:01:36]} 7. c4 {[%clk 01:29:51]}
{[%emt 00:01:30]} dxc4 {[%clk 01:23:44]} {[%emt 00:04:42]} 8. Nc3 {[%clk
01:29:02]} {[%emt 00:01:19]} a6 {[%clk 01:16:58]} {[%emt 00:07:16]} 9. Ba4
{[%clk 01:24:22]} {[%emt 00:05:10]} Bd7 {[%clk 01:12:54]} {[%emt 00:04:35]} 10.
Nxd7 {[%clk 01:22:27]} {[%emt 00:02:24]} Nxd7 {[%clk 01:13:04]} {[%emt
00:00:20]} 11. d5 {[%clk 01:09:57]} {[%emt 00:13:00]} Nce5 {[%clk 01:11:22]}
{[%emt 00:02:12]} 12. O-O {[%clk 01:08:07]} {[%emt 00:02:21]} e6 {[%clk
01:07:32]} {[%emt 00:04:19]} 13. dxe6 {[%clk 00:58:18]} {[%emt 00:10:20]} Qxe6
{[%clk 01:06:53]} {[%emt 00:01:10]} 14. Nd5 {[%clk 00:57:22]} {[%emt 00:01:26]}
Rc8 {[%clk 01:01:23]} {[%emt 00:05:59]} 15. Bf4 {[%clk 00:54:54]} {[%emt
00:02:58]} b5 {[%clk 00:56:40]} {[%emt 00:05:14]} 16. Bc2 {[%clk 00:53:17]}
{[%emt 00:02:06]} Bd6 {[%clk 00:53:35]} {[%emt 00:03:34]} 17. Ne3 {[%clk
00:47:53]} {[%emt 00:05:54]} g6 {[%clk 00:45:04]} {[%emt 00:09:02]} 18. b3
{[%clk 00:46:02]} {[%emt 00:02:20]} O-O {[%clk 00:41:39]} {[%emt 00:03:56]} 19.
h3 {[%clk 00:42:41]} {[%emt 00:03:51]} Nf6 {[%clk 00:37:36]} {[%emt 00:04:33]}
20. Qd2 {[%clk 00:38:21]} {[%emt 00:04:49]} Nf3+ {[%clk 00:34:00]} {[%emt
00:04:07]} 21. gxf3 {[%clk 00:37:31]} {[%emt 00:01:19]} Bxf4 {[%clk 00:34:12]}
{[%emt 00:00:18]} 22. Kg2 {[%clk 00:36:33]} {[%emt 00:01:27]} Rfd8 {[%clk
00:33:13]} {[%emt 00:01:31]} 23. Qe2 {[%clk 00:35:05]} {[%emt 00:01:58]} Be5
{[%clk 00:32:16]} {[%emt 00:01:28]} 24. f4 {[%clk 00:23:58]} {[%emt 00:11:35]}
Bxa1 {[%clk 00:30:19]} {[%emt 00:02:24]} 25. Rxa1 {[%clk 00:22:45]} {[%emt
00:01:45]} Nd5 {[%clk 00:29:20]} {[%emt 00:01:30]} 26. Qf3 {[%clk 00:21:06]}
{[%emt 00:02:08]} Nxe3+ {[%clk 00:29:27]} {[%emt 00:00:25]} 27. fxe3 {[%clk
00:20:14]} {[%emt 00:01:20]} Rd2+ {[%clk 00:29:34]} {[%emt 00:00:23]} 28. Kg1
{[%clk 00:16:39]} {[%emt 00:04:06]} Rxc2 {[%clk 00:29:21]} {[%emt 00:00:44]}
29. bxc4 {[%clk 00:08:39]} {[%emt 00:08:30]} Qxc4 {[%clk 00:28:40]} {[%emt
00:01:10]} 30. a3 {[%clk 00:05:52]} {[%emt 00:03:17]} Rc1+ {[%clk 00:28:34]}
{[%emt 00:00:37]} 31. Rxc1 {[%clk 00:05:05]} {[%emt 00:01:16]} Qxc1+ {[%clk
00:28:50]} {[%emt 00:00:14]} 32. Kf2 {[%clk 00:03:47]} {[%emt 00:01:47]} Rc2+
{[%clk 00:28:34]} {[%emt 00:00:46]} 33. Kg3 {[%clk 00:03:19]} {[%emt 00:00:57]}
Qg1+ {[%clk 00:27:39]} {[%emt 00:01:27]} 34. Kh4 {[%clk 00:01:08]} {[%emt
00:02:40]} Qe1+ {[%clk 00:27:13]} {[%emt 00:00:57]} 35. Kg5 {[%clk 00:01:01]}
{[%emt 00:00:36]} h6+ {[%clk 00:26:33]} {[%emt 00:01:10]} 0-1

[Event "Deutsche Ländermeisterschaft 2023"]
[Site "Hannover GER"]
[Date "2023.10.03"]
[Round "4"]
[White "Schröder, Hannes Artur"]
[Black "Heuberger, Sandra"]
[Result "1-0"]
[Termination "normal"]
[Board "7.7"]
[WhiteElo "1261"]
[BlackElo "1271"]
[WhiteClock "00:46:07"]
[BlackClock "00:14:14"]
[WhiteTeam "Mecklenburg-Vorpommern"]
[BlackTeam "Brandenburg"]
[PlyCount "67"]
[WhiteFideId "34608818"]
[BlackFideId "16232151"]
[EventCountry "GER"]
[EventRounds "7"]
[EventType "team-swiss"]
[EventDate "2023.09.30"]

1. e4 {[%clk 01:30:56]} {[%emt 00:00:04]} e5 {[%clk 01:30:54]} {[%emt
00:00:06]} 2. Nf3 {[%clk 01:31:19]} {[%emt 00:00:07]} Nc6 {[%clk 01:31:09]}
{[%emt 00:00:15]} 3. Bc4 {[%clk 01:31:32]} {[%emt 00:00:17]} Nf6 {[%clk
01:31:00]} {[%emt 00:00:39]} 4. d3 {[%clk 01:31:45]} {[%emt 00:00:17]} Be7
{[%clk 01:30:31]} {[%emt 00:00:58]} 5. Nc3 {[%clk 01:31:48]} {[%emt 00:00:28]}
O-O {[%clk 01:30:21]} {[%emt 00:00:39]} 6. a3 {[%clk 01:31:49]} {[%emt
00:00:29]} d6 {[%clk 01:30:02]} {[%emt 00:00:48]} 7. h3 {[%clk 01:32:02]}
{[%emt 00:00:18]} Be6 {[%clk 01:28:15]} {[%emt 00:02:15]} 8. Nd5 {[%clk
01:32:20]} {[%emt 00:00:14]} Na5 {[%clk 01:22:39]} {[%emt 00:06:05]} 9. Nxf6+
{[%clk 01:31:42]} {[%emt 00:01:08]} Bxf6 {[%clk 01:22:09]} {[%emt 00:01:00]}
10. Bxe6 {[%clk 01:32:07]} {[%emt 00:00:06]} fxe6 {[%clk 01:21:29]} {[%emt
00:01:09]} 11. h4 {[%clk 01:32:19]} {[%emt 00:00:19]} d5 {[%clk 01:15:38]}
{[%emt 00:06:20]} 12. Ng5 {[%clk 01:30:17]} {[%emt 00:02:32]} Qe7 {[%clk
01:13:22]} {[%emt 00:02:45]} 13. Qg4 {[%clk 01:27:46]} {[%emt 00:03:03]} Bxg5
{[%clk 01:04:40]} {[%emt 00:09:11]} 14. hxg5 {[%clk 01:27:03]} {[%emt
00:01:13]} Qf7 {[%clk 01:03:30]} {[%emt 00:01:38]} 15. f3 {[%clk 01:25:45]}
{[%emt 00:01:50]} g6 {[%clk 00:59:00]} {[%emt 00:05:01]} 16. Bd2 {[%clk
01:20:16]} {[%emt 00:05:59]} Nc6 {[%clk 00:58:18]} {[%emt 00:01:09]} 17. Qh4
{[%clk 01:17:52]} {[%emt 00:02:56]} Nd4 {[%clk 00:56:21]} {[%emt 00:02:27]} 18.
O-O-O {[%clk 01:17:23]} {[%emt 00:01:00]} c5 {[%clk 00:55:51]} {[%emt
00:00:59]} 19. Rde1 {[%clk 01:15:38]} {[%emt 00:02:16]} Nc6 {[%clk 00:49:38]}
{[%emt 00:06:43]} 20. Kb1 {[%clk 01:05:32]} {[%emt 00:10:37]} d4 {[%clk
00:49:11]} {[%emt 00:00:57]} 21. Rh2 {[%clk 01:01:21]} {[%emt 00:04:41]} Rac8
{[%clk 00:48:17]} {[%emt 00:01:24]} 22. Reh1 {[%clk 01:00:43]} {[%emt
00:01:08]} Rc7 {[%clk 00:47:40]} {[%emt 00:01:06]} 23. Qg4 {[%clk 01:00:01]}
{[%emt 00:01:12]} Qe8 {[%clk 00:45:44]} {[%emt 00:02:27]} 24. f4 {[%clk
00:57:21]} {[%emt 00:03:11]} exf4 {[%clk 00:40:53]} {[%emt 00:05:19]} 25. Bxf4
{[%clk 00:57:07]} {[%emt 00:00:44]} e5 {[%clk 00:40:49]} {[%emt 00:00:35]} 26.
Bg3 {[%clk 00:55:35]} {[%emt 00:02:02]} Rcf7 {[%clk 00:38:00]} {[%emt
00:03:17]} 27. Ka2 {[%clk 00:51:26]} {[%emt 00:04:41]} Nb4+ {[%clk 00:33:01]}
{[%emt 00:05:28]} 28. axb4 {[%clk 00:45:56]} {[%emt 00:06:00]} Qa4+ {[%clk
00:31:38]} {[%emt 00:01:53]} 29. Kb1 {[%clk 00:46:17]} {[%emt 00:00:09]} Rf1+
{[%clk 00:17:22]} {[%emt 00:14:46]} 30. Be1 {[%clk 00:46:21]} {[%emt 00:00:26]}
Qxb4 {[%clk 00:16:42]} {[%emt 00:01:10]} 31. Qe6+ {[%clk 00:45:57]} {[%emt
00:00:55]} R8f7 {[%clk 00:14:16]} {[%emt 00:02:56]} 32. Rxf1 {[%clk 00:45:36]}
{[%emt 00:00:51]} Qb5 {[%clk 00:13:49]} {[%emt 00:00:57]} 33. Qxf7+ {[%clk
00:45:46]} {[%emt 00:00:20]} Kh8 {[%clk 00:14:14]} {[%emt 00:00:05]} 34. Rxh7#
{[%clk 00:46:07]} {[%emt 00:00:08]} 1-0

[Event "Deutsche Ländermeisterschaft 2023"]
[Site "Hannover GER"]
[Date "2023.10.03"]
[Round "4"]
[White "Börner, Emma Charlotte"]
[Black "Briese, Sophie"]
[Result "0-1"]
[Termination "normal"]
[Board "7.8"]
[WhiteElo "1107"]
[BlackElo "1240"]
[WhiteClock "00:24:54"]
[BlackClock "01:15:24"]
[WhiteTeam "Brandenburg"]
[BlackTeam "Mecklenburg-Vorpommern"]
[PlyCount "90"]
[WhiteFideId "34637907"]
[BlackFideId "34660305"]
[EventCountry "GER"]
[EventRounds "7"]
[EventType "team-swiss"]
[EventDate "2023.09.30"]

1. d4 {[%clk 01:30:56]} {[%emt 00:00:03]} d5 {[%clk 01:30:54]} {[%emt
00:00:06]} 2. Nf3 {[%clk 01:31:17]} {[%emt 00:00:09]} Nf6 {[%clk 01:30:55]}
{[%emt 00:00:30]} 3. Bf4 {[%clk 01:31:35]} {[%emt 00:00:11]} Nc6 {[%clk
01:30:06]} {[%emt 00:01:20]} 4. e3 {[%clk 01:31:43]} {[%emt 00:00:21]} Bg4
{[%clk 01:29:44]} {[%emt 00:00:52]} 5. Nbd2 {[%clk 01:31:20]} {[%emt 00:00:52]}
Ne4 {[%clk 01:29:30]} {[%emt 00:00:43]} 6. Be2 {[%clk 01:30:20]} {[%emt
00:01:30]} e6 {[%clk 01:29:02]} {[%emt 00:01:00]} 7. c3 {[%clk 01:29:31]}
{[%emt 00:01:20]} Bd6 {[%clk 01:28:07]} {[%emt 00:01:23]} 8. Bg3 {[%clk
01:26:40]} {[%emt 00:03:21]} Nxg3 {[%clk 01:28:08]} {[%emt 00:00:31]} 9. hxg3
{[%clk 01:26:41]} {[%emt 00:00:28]} Qf6 {[%clk 01:27:55]} {[%emt 00:00:38]} 10.
Qc2 {[%clk 01:25:32]} {[%emt 00:01:44]} h6 {[%clk 01:27:10]} {[%emt 00:01:16]}
11. O-O-O {[%clk 01:23:55]} {[%emt 00:02:07]} a5 {[%clk 01:26:50]} {[%emt
00:00:49]} 12. b3 {[%clk 01:22:16]} {[%emt 00:02:09]} Ba3+ {[%clk 01:26:27]}
{[%emt 00:00:45]} 13. Kb1 {[%clk 01:22:15]} {[%emt 00:00:33]} Rb8 {[%clk
01:25:54]} {[%emt 00:01:05]} 14. Rde1 {[%clk 01:19:06]} {[%emt 00:03:42]} O-O
{[%clk 01:25:30]} {[%emt 00:00:56]} 15. Bd3 {[%clk 01:16:58]} {[%emt 00:02:36]}
e5 {[%clk 01:24:18]} {[%emt 00:01:43]} 16. dxe5 {[%clk 01:09:40]} {[%emt
00:07:46]} Nxe5 {[%clk 01:24:35]} {[%emt 00:00:14]} 17. Nxe5 {[%clk 01:06:16]}
{[%emt 00:03:53]} Qxe5 {[%clk 01:24:49]} {[%emt 00:00:16]} 18. f3 {[%clk
01:05:10]} {[%emt 00:01:36]} Be6 {[%clk 01:24:13]} {[%emt 00:01:08]} 19. f4
{[%clk 00:59:34]} {[%emt 00:06:05]} Qf6 {[%clk 01:24:01]} {[%emt 00:00:41]} 20.
Bh7+ {[%clk 00:55:16]} {[%emt 00:04:48]} Kh8 {[%clk 01:24:10]} {[%emt
00:00:23]} 21. Bd3 {[%clk 00:51:37]} {[%emt 00:04:08]} b5 {[%clk 01:23:17]}
{[%emt 00:01:24]} 22. b4 {[%clk 00:48:21]} {[%emt 00:03:45]} axb4 {[%clk
01:23:20]} {[%emt 00:00:29]} 23. cxb4 {[%clk 00:48:02]} {[%emt 00:00:48]} Bxb4
{[%clk 01:23:28]} {[%emt 00:00:22]} 24. Kc1 {[%clk 00:45:02]} {[%emt 00:03:28]}
Bg4 {[%clk 01:21:50]} {[%emt 00:02:09]} 25. Qb3 {[%clk 00:42:28]} {[%emt
00:03:03]} Qc6+ {[%clk 01:19:43]} {[%emt 00:02:36]} 26. Qc2 {[%clk 00:41:14]}
{[%emt 00:01:46]} Ba3+ {[%clk 01:19:22]} {[%emt 00:00:51]} 27. Kb1 {[%clk
00:41:12]} {[%emt 00:00:31]} Qf6 {[%clk 01:19:08]} {[%emt 00:00:38]} 28. Qb3
{[%clk 00:38:27]} {[%emt 00:03:20]} b4 {[%clk 01:19:08]} {[%emt 00:00:33]} 29.
Be2 {[%clk 00:31:24]} {[%emt 00:07:33]} Bf5+ {[%clk 01:19:08]} {[%emt
00:00:31]} 30. Bd3 {[%clk 00:30:41]} {[%emt 00:01:10]} Bxd3+ {[%clk 01:19:28]}
{[%emt 00:00:13]} 31. Qc2 {[%clk 00:29:17]} {[%emt 00:01:50]} Bxc2+ {[%clk
01:19:43]} {[%emt 00:00:17]} 32. Kxc2 {[%clk 00:29:16]} {[%emt 00:00:31]} Qb2+
{[%clk 01:19:43]} {[%emt 00:00:28]} 33. Kd1 {[%clk 00:29:29]} {[%emt 00:00:20]}
Rfd8 {[%clk 01:19:23]} {[%emt 00:00:50]} 34. Ke2 {[%clk 00:29:23]} {[%emt
00:00:34]} d4 {[%clk 01:18:41]} {[%emt 00:01:14]} 35. e4 {[%clk 00:29:03]}
{[%emt 00:00:49]} d3+ {[%clk 01:18:33]} {[%emt 00:00:39]} 36. Kf3 {[%clk
00:29:05]} {[%emt 00:00:28]} Qxd2 {[%clk 01:18:06]} {[%emt 00:00:57]} 37. Kg4
{[%clk 00:28:42]} {[%emt 00:00:52]} Qxg2 {[%clk 01:17:16]} {[%emt 00:01:22]}
38. Rhg1 {[%clk 00:28:15]} {[%emt 00:00:56]} Qxa2 {[%clk 01:17:14]} {[%emt
00:00:32]} 39. Rd1 {[%clk 00:27:39]} {[%emt 00:01:04]} Qe6+ {[%clk 01:17:13]}
{[%emt 00:00:29]} 40. Kf3 {[%clk 00:27:54]} {[%emt 00:00:19]} d2 {[%clk
01:17:19]} {[%emt 00:00:24]} 41. f5 {[%clk 00:27:08]} {[%emt 00:01:14]} Rd3+
{[%clk 01:17:18]} {[%emt 00:00:32]} 42. Kf4 {[%clk 00:27:09]} {[%emt 00:00:28]}
Qd6+ {[%clk 01:17:18]} {[%emt 00:00:27]} 43. Kg4 {[%clk 00:27:01]} {[%emt
00:00:42]} Qd4 {[%clk 01:16:01]} {[%emt 00:01:46]} 44. Rgf1 {[%clk 00:25:49]}
{[%emt 00:01:43]} Re8 {[%clk 01:15:36]} {[%emt 00:00:55]} 45. Rf4 {[%clk
00:24:54]} {[%emt 00:01:23]} Rxe4 {[%clk 01:15:24]} {[%emt 00:00:45]} 0-1

[Event "Deutsche Ländermeisterschaft 2023"]
[Site "Hannover GER"]
[Date "2023.10.03"]
[Round "5"]
[White "Petrovskiy, Vadim"]
[Black "Nguyen, Alex Dac-Vuong"]
[Result "1-0"]
[Termination "normal"]
[Board "1.1"]
[WhiteTitle "IM"]
[BlackTitle "FM"]
[WhiteElo "2413"]
[BlackElo "2333"]
[WhiteClock "01:00:48"]
[BlackClock "00:18:45"]
[WhiteTeam "Hessen"]
[BlackTeam "Sachsen"]
[PlyCount "59"]
[WhiteFideId "14165210"]
[BlackFideId "12984388"]
[EventCountry "GER"]
[EventRounds "7"]
[EventType "team-swiss"]
[EventDate "2023.09.30"]

1. e4 {[%clk 01:30:58]} {[%emt 00:00:01]} e5 {[%clk 01:30:56]} {[%emt
00:00:05]} 2. Nf3 {[%clk 01:31:05]} {[%emt 00:00:23]} Nc6 {[%clk 01:31:20]}
{[%emt 00:00:05]} 3. Bb5 {[%clk 01:31:27]} {[%emt 00:00:08]} Nf6 {[%clk
01:31:45]} {[%emt 00:00:05]} 4. d3 {[%clk 01:31:52]} {[%emt 00:00:06]} Bc5
{[%clk 01:32:09]} {[%emt 00:00:05]} 5. Bxc6 {[%clk 01:32:14]} {[%emt 00:00:09]}
dxc6 {[%clk 01:32:33]} {[%emt 00:00:06]} 6. Nbd2 {[%clk 01:32:42]} {[%emt
00:00:03]} O-O {[%clk 01:30:06]} {[%emt 00:02:56]} 7. Qe2 {[%clk 01:32:42]}
{[%emt 00:00:30]} Nd7 {[%clk 01:28:09]} {[%emt 00:02:28]} 8. Nc4 {[%clk
01:33:04]} {[%emt 00:00:07]} Re8 {[%clk 01:27:22]} {[%emt 00:01:17]} 9. h4
{[%clk 01:33:22]} {[%emt 00:00:13]} f6 {[%clk 01:19:05]} {[%emt 00:08:47]} 10.
h5 {[%clk 01:32:20]} {[%emt 00:01:32]} Nf8 {[%clk 01:18:13]} {[%emt 00:01:21]}
11. Nh4 {[%clk 01:30:35]} {[%emt 00:02:15]} a5 {[%clk 01:11:55]} {[%emt
00:06:47]} 12. Ne3 {[%clk 01:25:44]} {[%emt 00:05:22]} Ne6 {[%clk 01:07:53]}
{[%emt 00:04:33]} 13. g4 {[%clk 01:25:25]} {[%emt 00:00:48]} Bxe3 {[%clk
01:05:40]} {[%emt 00:02:43]} 14. Bxe3 {[%clk 01:25:33]} {[%emt 00:00:22]} a4
{[%clk 01:02:35]} {[%emt 00:03:36]} 15. Nf5 {[%clk 01:24:11]} {[%emt 00:01:53]}
c5 {[%clk 00:58:44]} {[%emt 00:04:20]} 16. O-O-O {[%clk 01:22:16]} {[%emt
00:02:25]} b5 {[%clk 00:50:48]} {[%emt 00:08:26]} 17. h6 {[%clk 01:10:38]}
{[%emt 00:12:09]} g6 {[%clk 00:43:54]} {[%emt 00:07:23]} 18. Ng7 {[%clk
01:05:00]} {[%emt 00:06:08]} Nxg7 {[%clk 00:40:35]} {[%emt 00:03:49]} 19. hxg7
{[%clk 01:05:28]} {[%emt 00:00:02]} Qe7 {[%clk 00:36:06]} {[%emt 00:04:59]} 20.
Rh6 {[%clk 01:05:01]} {[%emt 00:00:58]} Qxg7 {[%clk 00:33:17]} {[%emt
00:03:18]} 21. Rdh1 {[%clk 01:05:19]} {[%emt 00:00:13]} Be6 {[%clk 00:32:22]}
{[%emt 00:01:24]} 22. Bxc5 {[%clk 01:04:21]} {[%emt 00:01:28]} Bxa2 {[%clk
00:29:40]} {[%emt 00:03:12]} 23. Qf3 {[%clk 01:04:14]} {[%emt 00:00:37]} Rad8
{[%clk 00:28:36]} {[%emt 00:01:34]} 24. Rxh7 {[%clk 01:02:40]} {[%emt
00:02:05]} Qxh7 {[%clk 00:29:00]} {[%emt 00:00:05]} 25. Rxh7 {[%clk 01:03:03]}
{[%emt 00:00:08]} Kxh7 {[%clk 00:29:25]} {[%emt 00:00:05]} 26. Qxf6 {[%clk
01:02:27]} {[%emt 00:01:06]} Be6 {[%clk 00:20:46]} {[%emt 00:09:08]} 27. Qxe5
{[%clk 01:00:29]} {[%emt 00:02:28]} Bxg4 {[%clk 00:19:31]} {[%emt 00:01:45]}
28. Qf4 {[%clk 01:00:42]} {[%emt 00:00:17]} Be6 {[%clk 00:19:13]} {[%emt
00:00:48]} 29. Qh4+ {[%clk 01:00:59]} {[%emt 00:00:13]} Kg7 {[%clk 00:18:45]}
{[%emt 00:00:58]} 30. Bb4 {[%clk 01:00:48]} {[%emt 00:00:41]} 1-0